[Event "London Classic Open 2017"]
[Site "London ENG"]
[Date "2017.12.07"]
[Round "7.36"]
[White "Pein, Jonathan"]
[Black "Gourlay, Iain"]
[Result "1/2-1/2"]
[BlackTitle "FM"]
[WhiteElo "2165"]
[BlackElo "2378"]
[WhiteFideId "417092"]
[BlackFideId "2401533"]
[EventDate "2017.12.02"]

1. Nf3 d5 2. c4 e6 3. g3 Nf6 4. Bg2 dxc4 5. Qa4+ Bd7 6. Qxc4 c5 7. O-O Nc6 8. d3
Rc8 9. b3 b5 10. Qc2 Be7 11. Bb2 O-O 12. Nbd2 Nd5 13. Rac1 Nd4 14. Qd1 Bf6 15.
Ba1 Qa5 16. Ne4 Nxf3+ 17. Bxf3 Bxa1 18. Rxa1 f5 19. Qd2 Qb4 20. Qxb4 cxb4 21.
Nd2 Rc2 22. Bxd5 exd5 23. Rfd1 a5 24. Kf1 f4 25. Nf3 fxg3 26. hxg3 a4 27. Nd4
Rc3 28. Ke1 Kf7 29. Kd2 Ke7 30. f3 Kd6 31. bxa4 bxa4 32. Nc2 b3 33. Kxc3 Rc8+
34. Kb2 Rxc2+ 35. Ka3 b2 36. Rab1 Rxe2 37. Rxb2 Re3 38. Rf2 Kc5 39. Rc1+ Kd6 40.
Rd1 Kc5 41. Rc2+ Kd6 42. Rf2 Kc5 1/2-1/2

[Event "London Classic Open 2017"]
[Site "London ENG"]
[Date "2017.12.07"]
[Round "7.37"]
[White "Sowray, Peter J"]
[Black "Cumming, Rhys"]
[Result "1-0"]
[WhiteTitle "FM"]
[WhiteElo "2357"]
[BlackElo "2162"]
[WhiteFideId "400971"]
[BlackFideId "470163"]
[EventDate "2017.12.02"]

1. c4 c5 2. Nc3 Nf6 3. Nf3 g6 4. d4 cxd4 5. Nxd4 d5 6. cxd5 Nxd5 7. Ndb5 Nxc3 8.
Qxd8+ Kxd8 9. Nxc3 Bg7 10. g3 Bxc3+ 11. bxc3 Bf5 12. Bg2 Nc6 13. O-O Rc8 14.
Rd1+ Ke8 15. Be3 f6 16. Bd5 h5 17. a4 b6 18. f3 Na5 19. Bf2 Bc2 20. Rdc1 Bb3 21.
c4 Kd7 22. Bf7 e6 23. Bxg6 Bxc4 24. Rd1+ Ke7 25. Be1 Nc6 26. Kf2 Rh6 27. Be4 f5
28. Rdc1 fxe4 29. Rxc4 exf3 30. Bb4+ Ke8 31. exf3 e5 32. Rac1 Kd7 33. Ke3 Re8
34. Ke4 h4 35. Bd2 Rd6 36. Be3 hxg3 37. hxg3 Rb8 38. Rh1 Ne7 39. Rh7 a6 40. Bg5
Re6 41. Bxe7 Rxe7 42. Rxe7+ Kxe7 43. Kxe5 b5 44. axb5 Rxb5+ 45. Ke4 Rb7 46. Rc5
Ra7 47. Ra5 Kf6 48. Kf4 Ra8 49. g4 Ra7 50. g5+ Kg6 51. Kg4 Ra8 52. f4 Kg7 53. f5
Kf7 54. Rc5 a5 55. Rc7+ Kg8 56. g6 a4 57. f6 a3 58. Rg7+ Kf8 59. Rh7 Ra4+ 60.
Kf5 Ke8 61. Re7+ Kd8 62. g7 1-0

[Event "London Classic Open 2017"]
[Site "London ENG"]
[Date "2017.12.07"]
[Round "7.38"]
[White "Ethelontis, Alexandros N"]
[Black "Beinoras, Mindaugas"]
[Result "0-1"]
[BlackTitle "IM"]
[WhiteElo "2154"]
[BlackElo "2353"]
[WhiteFideId "405469"]
[BlackFideId "12802085"]
[EventDate "2017.12.02"]

1. Nf3 d5 2. d4 c6 3. c4 dxc4 4. g3 Nf6 5. Bg2 Bf5 6. O-O e6 7. Nc3 Nbd7 8. a4
a5 9. Bg5 Be7 10. b3 cxb3 11. Qxb3 Qb6 12. Qxb6 Nxb6 13. Nh4 Bg4 14. h3 Bb4 15.
Bxf6 Bxc3 16. Bxg7 Rg8 17. Rab1 Bxe2 18. Rxb6 Bxf1 19. Kxf1 Rxg7 20. Rxb7 Kf8
21. Bxc6 Rc8 22. d5 Rd8 23. dxe6 fxe6 24. Rb3 Bf6 25. Nf3 Rc7 26. Be4 Rd1+ 27.
Kg2 Ra1 28. Rb8+ Kg7 29. Rb6 Rxa4 30. Bb1 Rb4 0-1

[Event "London Classic Open 2017"]
[Site "London ENG"]
[Date "2017.12.07"]
[Round "7.39"]
[White "Arakhamia-Grant, Ketevan"]
[Black "Schut, Han"]
[Result "1/2-1/2"]
[WhiteTitle "GM"]
[WhiteElo "2350"]
[BlackElo "2161"]
[WhiteFideId "13600168"]
[BlackFideId "1005561"]
[EventDate "2017.12.02"]

1. e4 c5 2. Nc3 d6 3. g3 g6 4. Bg2 Bg7 5. d3 Nc6 6. f4 e6 7. Nf3 Nge7 8. O-O O-O
9. Be3 Rb8 10. Bf2 b5 11. d4 Qb6 12. dxc5 dxc5 13. e5 Rd8 14. Qc1 Nf5 15. Ne4
Ncd4 16. Re1 Bb7 17. c3 Bxe4 18. Rxe4 Nxf3+ 19. Bxf3 Qc7 20. a4 a6 21. axb5 axb5
22. Re1 Bf8 23. Kh1 Ne7 24. Ra6 Nd5 25. Qa1 c4 26. Ra7 Qc8 27. Qa6 b4 28. Qxc8
Rbxc8 29. Bd4 Bc5 30. Bxc5 Rxc5 31. Rd1 bxc3 32. bxc3 Rb8 33. Bxd5 Rxd5 34. Rxd5
exd5 35. Rd7 Rb3 36. Rxd5 Rxc3 37. Rd8+ Kg7 38. Kg2 h5 39. h4 Rc2+ 40. Kf3 Rc3+
41. Kg2 Rc2+ 42. Kh3 Rc1 43. Rc8 Rc2 44. Rd8 Rf2 45. Rc8 Rc2 46. Rd8 Rf2 47. Rc8
Rc2 48. Rd8 1/2-1/2

[Event "London Classic Open 2017"]
[Site "London ENG"]
[Date "2017.12.07"]
[Round "7.40"]
[White "Marusenko, Petr"]
[Black "Stauskas, Lukas"]
[Result "0-1"]
[WhiteTitle "IM"]
[WhiteElo "2145"]
[BlackElo "2349"]
[WhiteFideId "14100606"]
[BlackFideId "12808148"]
[EventDate "2017.12.02"]

1. d4 Nf6 2. c4 e6 3. Nc3 Bb4 4. e3 b6 5. Nf3 Bb7 6. Qc2 Ne4 7. Bd2 Bxc3 8. Bxc3
O-O 9. Bd3 f5 10. O-O Nxc3 11. Qxc3 Bxf3 12. gxf3 Qh4 13. Kh1 Rf6 14. Rg1 Qxf2
15. Raf1 Qxe3 16. d5 Rg6 17. Rg3 Rxg3 18. hxg3 Na6 19. Kg2 Nc5 20. Rd1 Nxd3 21.
Rxd3 Qe2+ 22. Kg1 exd5 23. Rxd5 d6 24. Rd2 Qe1+ 25. Kg2 Re8 26. Qd3 h6 27. b4
Re5 28. b5 Qe3 29. Qc2 f4 30. g4 h5 31. Rd3 Qe1 0-1

[Event "London Classic Open 2017"]
[Site "London ENG"]
[Date "2017.12.07"]
[Round "7.41"]
[White "Quillan, Gary"]
[Black "Mcgowan, Daniel"]
[Result "1-0"]
[WhiteTitle "IM"]
[WhiteElo "2344"]
[BlackElo "2155"]
[WhiteFideId "401153"]
[BlackFideId "2401479"]
[EventDate "2017.12.02"]

1. e4 e6 2. d4 d5 3. Nd2 c5 4. exd5 exd5 5. Ngf3 Nc6 6. Bb5 Bd6 7. dxc5 Bxc5 8.
O-O Ne7 9. Nb3 Bd6 10. Re1 O-O 11. Bd3 Nb4 12. Bg5 Nxd3 13. Qxd3 f6 14. Bh4 Bf5
15. Qd2 Qd7 16. Bg3 Rad8 17. Nfd4 Bxg3 18. hxg3 Rfe8 19. Re3 Bg6 20. Rae1 b6 21.
c3 Nf5 22. Nxf5 Qxf5 23. Nd4 Qd7 24. f3 Rxe3 25. Rxe3 Re8 26. Kf2 Rxe3 27. Qxe3
Bf7 28. Qf4 h6 29. Qb8+ Kh7 30. a3 Qe7 31. Qc8 Bg6 32. Qe6 Qb7 33. Qc6 Qf7 34.
Qd6 Bd3 35. g4 Kg8 36. Qd8+ Kh7 37. Qd6 Kg8 38. Ke3 Bf1 39. g3 h5 40. Kf2 Bc4
41. g5 fxg5 42. Qd8+ Kh7 43. Qxg5 Qg6 44. Qe5 Qb1 45. Qf5+ Qxf5 46. Nxf5 Kg6 47.
Nd6 Ba6 48. b4 Bc4 49. Nc8 Kf5 50. Nxa7 b5 51. Nc6 g5 52. Nd4+ Ke5 53. Ke3 h4
54. gxh4 gxh4 55. f4+ Kf6 56. Kf3 h3 57. Kg3 Bf1 58. Nc2 Bd3 59. Ne3 Be4 60.
Kxh3 Kg6 61. Kg4 Kf6 62. f5 Ke5 63. Kg5 d4 64. cxd4+ Kxd4 65. f6 1-0

[Event "London Classic Open 2017"]
[Site "London ENG"]
[Date "2017.12.07"]
[Round "7.42"]
[White "Radovanovic, Jovica"]
[Black "Van Zyl-Rudd, Jack"]
[Result "1/2-1/2"]
[WhiteTitle "FM"]
[BlackTitle "FM"]
[WhiteElo "2320"]
[BlackElo "2153"]
[WhiteFideId "915912"]
[BlackFideId "14309017"]
[EventDate "2017.12.02"]

1. d4 d5 2. c4 e6 3. Nc3 Nf6 4. Nf3 c5 5. e3 Nc6 6. a3 a6 7. Be2 dxc4 8. Bxc4
cxd4 9. exd4 Be7 10. O-O O-O 11. Re1 b5 12. Bb3 Bb7 13. Bg5 Na5 14. Bc2 Nc4 15.
Ne5 Rc8 16. Nxc4 Rxc4 17. Be3 Qa8 18. f3 Nd5 19. Qd3 g6 20. Bb3 Nxe3 21. Qxe3
Rc7 22. Kh1 Qd8 23. Rad1 b4 24. axb4 Bxb4 25. Re2 Bxc3 26. bxc3 Bd5 27. Rb2 Qb8
28. Rdb1 Rb7 29. c4 Bxc4 30. Qc3 Bxb3 31. Rxb3 Rxb3 32. Rxb3 Qd6 33. g3 Rd8 34.
Rb4 h5 35. Kg2 Qd5 36. Ra4 Rb8 37. Ra3 Rb1 38. Qc5 Qb7 39. Rc3 Qb2+ 40. Rc2 Qb3
41. Qc4 Qe3 42. Rf2 Qe1 43. Qe2 Qg1+ 44. Kh3 Re1 45. Rg2 Rxe2 46. Rxg1 Ra2 47.
Rb1 Kg7 48. f4 Kf6 49. Rb7 Ra4 50. Ra7 a5 51. Kh4 Ra2 52. Kh3 h4 53. gxh4 a4 54.
Ra5 a3 55. h5 gxh5 56. Rxh5 Ra1 57. Ra5 a2 58. Kg2 Ke7 59. h4 Kf6 60. h5 Kg7 61.
f5 Kh6 62. fxe6 fxe6 63. Kh2 e5 64. dxe5 Kxh5 65. e6+ Kg6 66. e7 Kf7 67. Ra7 Ke8 1/2-1/2

[Event "London Classic Open 2017"]
[Site "London ENG"]
[Date "2017.12.07"]
[Round "7.43"]
[White "Klingher, Dominic"]
[Black "Paterek, Michal"]
[Result "0-1"]
[BlackTitle "FM"]
[WhiteElo "2153"]
[BlackElo "2315"]
[WhiteFideId "428850"]
[BlackFideId "1116142"]
[EventDate "2017.12.02"]

1. e4 c6 2. d4 d5 3. f3 e6 4. Be3 Qb6 5. Nc3 Qxb2 6. Nge2 Bb4 7. Bd2 Qa3 8. Rb1
Ba5 9. Rb3 Qe7 10. Nf4 Nf6 11. Bd3 O-O 12. O-O e5 13. Ncxd5 cxd5 14. Bxa5 exf4
15. Bb4 Qd8 16. Bxf8 Kxf8 17. c3 Nc6 18. Qc1 Qc7 19. Qe1 g6 20. Qh4 Kg7 21. Rb5
Be6 22. e5 Nh5 23. g4 fxg3 24. hxg3 Nxe5 25. dxe5 Qxc3 26. Rb3 Qxe5 27. f4 Qe3+
28. Kh2 d4 29. Ra3 Nf6 30. f5 g5 31. Qh3 Bd5 32. g4 Qd2+ 33. Kg1 Re8 34. Rf2
Qc1+ 35. Bf1 Re4 36. Rg3 a5 37. Rh2 h5 38. gxh5 Kh6 39. Qg2 Rf4 40. Qe2 d3 41.
Rxd3 Rg4+ 42. Kf2 Ne4+ 43. Qxe4 Rxe4 44. Rxd5 Qe3+ 45. Kg2 Rg4+ 46. Kh1 Qg1# 0-1

[Event "London Classic Open 2017"]
[Site "London ENG"]
[Date "2017.12.07"]
[Round "7.44"]
[White "Murphy, Conor E"]
[Black "Olson, Hamish"]
[Result "1/2-1/2"]
[WhiteTitle "FM"]
[WhiteElo "2313"]
[BlackElo "2146"]
[WhiteFideId "421669"]
[BlackFideId "2404257"]
[EventDate "2017.12.02"]

1. Nf3 d5 2. g3 Nf6 3. Bg2 Nbd7 4. c4 dxc4 5. Na3 a6 6. Nxc4 e6 7. O-O Be7 8. d4
O-O 9. Qc2 c5 10. dxc5 Bxc5 11. Bd2 Qe7 12. a3 e5 13. b4 Ba7 14. e4 b6 15. Bc3
Bb8 16. Nh4 g6 17. f4 Bb7 18. f5 Bc7 19. Ne3 b5 20. fxg6 fxg6 21. Nd5 Bxd5 22.
exd5 Bb6+ 23. Kh1 Rac8 24. Qb3 Qd6 25. Bh3 Rxc3 26. Qxc3 Qxd5+ 27. Bg2 e4 28.
Rad1 Qc4 29. Qxc4+ bxc4 30. Bh3 c3 31. Be6+ Kh8 32. Bxd7 Nxd7 33. Rxf8+ Nxf8 34.
Rd6 Be3 35. Rc6 Bd2 36. Ng2 Ne6 37. Rxe6 c2 38. Rc6 c1=Q+ 39. Rxc1 Bxc1 40. a4
Ba3 41. b5 axb5 42. axb5 Bc5 43. Nf4 Kg8 44. Nd5 Kf7 45. Nc3 e3 46. Kg2 Ke6 47.
Kf3 Bd4 48. Nd1 Kd5 49. Nxe3+ Kc5 50. Ke4 Bg7 51. Ng4 Bc3 52. Ne5 Kxb5 53. Kd5
Kb4 54. Nd7 h5 55. Ne5 g5 56. h3 Kb3 57. g4 hxg4 58. hxg4 Bd2 59. Nf3 Bc1 60.
Nd4+ Kb4 61. Ne2 Bd2 62. Ng3 Kb5 63. Ne4 Bc1 64. Ke5 Kc6 65. Kf5 Kd7 66. Nxg5
Ke7 67. Kg6 Kf8 68. Ne6+ Kg8 69. g5 Bxg5 70. Nxg5 1/2-1/2

[Event "London Classic Open 2017"]
[Site "London ENG"]
[Date "2017.12.07"]
[Round "7.45"]
[White "Gayson, Peter M"]
[Black "Risting, Eivind Olav"]
[Result "0-1"]
[BlackTitle "FM"]
[WhiteElo "2145"]
[BlackElo "2279"]
[WhiteFideId "401838"]
[BlackFideId "1517333"]
[EventDate "2017.12.02"]

1. e4 e5 2. Nf3 Nc6 3. d4 exd4 4. Bc4 Nf6 5. O-O Nxe4 6. Re1 d5 7. Bxd5 Qxd5 8.
Nc3 Qh5 9. Nxe4 Be6 10. Bg5 h6 11. Bf6 Qg6 12. Nh4 Qh7 13. Qh5 Kd7 14. Bxd4 Rd8
15. Bc5 Kc8 16. Bxf8 Rhxf8 17. Qc5 Rfe8 18. Qc3 Rd4 19. f3 Red8 20. g3 g5 21.
Ng2 Qf5 22. Re2 Rc4 23. g4 Qg6 24. Qe3 Nd4 25. Rd2 Nxf3+ 26. Qxf3 Qxe4 27. Rxd8+
Kxd8 28. Qf6+ Kc8 29. Qh8+ Kd7 30. Rd1+ Bd5 31. Rd2 Rxc2 32. Rxc2 Qxc2 33. Ne1
Qe4 34. Qc3 Qh1+ 35. Kf2 Qxh2+ 36. Kf1 Qf4+ 0-1

[Event "London Classic Open 2017"]
[Site "London ENG"]
[Date "2017.12.07"]
[Round "7.46"]
[White "Ojas, Kulkarni"]
[Black "Woong, Zhi Wei William"]
[Result "1-0"]
[BlackTitle "CM"]
[WhiteElo "2278"]
[BlackElo "2137"]
[WhiteFideId "25040073"]
[BlackFideId "5804906"]
[EventDate "2017.12.02"]

1. c4 e6 2. g3 d5 3. Nf3 Nf6 4. Bg2 dxc4 5. Qa4+ Bd7 6. Qxc4 c5 7. O-O Bc6 8.
Qc2 Be7 9. Nc3 O-O 10. Rd1 b5 11. d3 Nbd7 12. b3 Rc8 13. a4 a6 14. e4 Qb6 15.
Bb2 Qb7 16. Re1 Rfe8 17. Nd2 Bf8 18. Nd1 Red8 19. Ne3 Qc7 20. Nf3 c4 21. bxc4
Nc5 22. Bxf6 gxf6 23. axb5 axb5 24. cxb5 Bxb5 25. d4 Nd3 26. Qxc7 Rxc7 27. Red1
Nb4 28. Rdc1 Rcd7 29. Ng4 Be7 30. Rab1 Bd3 31. Rxb4 Bxb4 32. Nxf6+ Kg7 33. Nxd7
Rxd7 34. Ne5 1-0

[Event "London Classic Open 2017"]
[Site "London ENG"]
[Date "2017.12.07"]
[Round "7.47"]
[White "Soham, Das"]
[Black "Englisch, Colya"]
[Result "1-0"]
[WhiteElo "2263"]
[BlackElo "2128"]
[WhiteFideId "35026763"]
[BlackFideId "36080420"]
[EventDate "2017.12.02"]

1. e4 d6 2. d4 Nf6 3. Nc3 g6 4. Bg5 Bg7 5. Qd2 h6 6. Bh4 O-O 7. O-O-O Nbd7 8. e5
Ne8 9. f4 c6 10. Nf3 Nb6 11. Bd3 Bg4 12. Rhe1 Nc8 13. Qe2 dxe5 14. dxe5 Qa5 15.
h3 Be6 16. f5 Bxa2 17. fxg6 fxg6 18. Nxa2 Rf4 19. Bc4+ Kh7 20. Bg3 b5 21. Bb3
Ra4 22. Bxa4 Qxa4 23. Kb1 Nb6 24. Qe4 Nc4 25. b3 Qa3 26. bxc4 bxc4 27. Ka1 Rb8
28. Rb1 Nd6 29. Qe3 Rxb1+ 30. Kxb1 Qa4 31. exd6 Qb5+ 32. Kc1 Qb2+ 33. Kd1 Qxa2
34. dxe7 Bb2 35. e8=Q Qb1+ 36. Ke2 Qxc2+ 37. Kf1 1-0

[Event "London Classic Open 2017"]
[Site "London ENG"]
[Date "2017.12.07"]
[Round "7.48"]
[White "Lercel, Michal"]
[Black "Ongut, Tamas Gunes"]
[Result "1-0"]
[WhiteElo "2244"]
[BlackElo "2119"]
[WhiteFideId "1114700"]
[BlackFideId "770280"]
[EventDate "2017.12.02"]

1. Nf3 Nf6 2. c4 g6 3. b4 Bg7 4. Bb2 O-O 5. g3 d6 6. Bg2 e5 7. d3 Nc6 8. b5 Ne7
9. O-O h6 10. Nfd2 Nh5 11. Nc3 f5 12. Qb3 c6 13. Rab1 Be6 14. Ba3 f4 15. bxc6
bxc6 16. Qb4 c5 17. Qb7 Rc8 18. Qa6 fxg3 19. hxg3 Nf5 20. Nde4 Nf6 21. Bxc5 Ne8
22. Ba3 h5 23. Nb5 h4 24. Nbxd6 Nd4 25. Nxc8 Nxe2+ 26. Kh2 Bxc8 27. Rb8 Nc7 28.
Qxg6 Rxf2 29. Rxc8 Qxc8 30. Rxf2 hxg3+ 31. Nxg3 Nf4 32. Rxf4 exf4 33. Nh5 1-0

[Event "London Classic Open 2017"]
[Site "London ENG"]
[Date "2017.12.07"]
[Round "7.49"]
[White "Bukojemski, Adam"]
[Black "Voss, Gunther"]
[Result "1/2-1/2"]
[WhiteElo "2224"]
[BlackElo "2118"]
[WhiteFideId "1114620"]
[BlackFideId "4683234"]
[EventDate "2017.12.02"]

1. e4 c5 2. Nf3 e6 3. Nc3 a6 4. d4 cxd4 5. Nxd4 Nc6 6. Nxc6 bxc6 7. Bd3 e5 8.
O-O Nf6 9. f4 d6 10. Qf3 Be7 11. fxe5 dxe5 12. Qg3 O-O 13. Qxe5 Ng4 14. Qg3 Bh4
15. Qf3 Qd4+ 16. Kh1 Nf2+ 17. Kg1 Nh3+ 18. Kh1 Nf2+ 19. Kg1 Nh3+ 20. Kh1 1/2-1/2

[Event "London Classic Open 2017"]
[Site "London ENG"]
[Date "2017.12.07"]
[Round "7.50"]
[White "Ledger, Dave J"]
[Black "Guo, Emma"]
[Result "0-1"]
[WhiteTitle "FM"]
[BlackTitle "WIM"]
[WhiteElo "2209"]
[BlackElo "2081"]
[WhiteFideId "401986"]
[BlackFideId "3200795"]
[EventDate "2017.12.02"]

1. e4 e5 2. Nf3 Nc6 3. Bc4 Bc5 4. d3 Nf6 5. O-O d6 6. c3 a5 7. Bb3 h6 8. Na3 O-O
9. Nc4 Bg4 10. h3 Bh5 11. Ne3 a4 12. Bxa4 Bxf3 13. gxf3 Nh5 14. Nf5 Ne7 15.
Nxe7+ Qxe7 16. d4 Bb6 17. f4 Qh4 18. Qg4 Qxg4+ 19. hxg4 Rxa4 20. gxh5 exd4 21.
Re1 dxc3 22. bxc3 Re8 23. e5 dxe5 24. fxe5 Rh4 25. Be3 Rxe5 26. Bxb6 Rg5+ 27.
Kf1 cxb6 28. Re8+ Kh7 29. Ke2 Rhxh5 30. Rb1 Rb5 31. Rxb5 Rxb5 32. Re7 Rb2+ 33.
Ke3 Rc2 34. Rxf7 Rxc3+ 35. Ke4 Ra3 36. Rxb7 Rxa2 37. f4 Re2+ 38. Kf5 Rb2 39. Ke6
h5 40. f5 Kh6 41. Ke5 h4 42. Rb8 Kg5 43. Rg8 Re2+ 44. Kd4 Kxf5 45. Rxg7 h3 46.
Rh7 Kg4 47. Rh8 Kg3 48. Kd3 Re6 49. Rg8+ Kf2 50. Rh8 Kg2 51. Rg8+ Kh1 52. Kd2 b5
53. Rg5 b4 54. Rg4 b3 55. Rg8 h2 56. Kc3 Re3+ 57. Kb2 Re2+ 58. Kxb3 Rg2 59. Rc8
Kg1 60. Rc1+ Kf2 61. Rc2+ Kg3 62. Rc3+ Kh4 63. Rc8 Rg3+ 64. Kc2 Rh3 0-1

[Event "London Classic Open 2017"]
[Site "London ENG"]
[Date "2017.12.07"]
[Round "7.51"]
[White "Haribalu, V."]
[Black "Jyothilal, N."]
[Result "1-0"]
[WhiteElo "2205"]
[BlackElo "2063"]
[WhiteFideId "5015189"]
[BlackFideId "5002605"]
[EventDate "2017.12.02"]

1. e4 c5 2. Nc3 Nc6 3. f4 g6 4. Nf3 Bg7 5. Bc4 e6 6. O-O Nge7 7. Qe1 O-O 8. d3
d5 9. Bb3 Nd4 10. Kh1 b6 11. Nxd4 cxd4 12. Ne2 dxe4 13. dxe4 Ba6 14. Rf3 Nc6 15.
Bd2 d3 16. cxd3 Bxd3 17. Nc3 Ba6 18. Be3 Nd4 19. Bxd4 Qxd4 20. Rd1 Qb4 21. f5
exf5 22. exf5 Rae8 23. Qf2 Bc4 24. Qh4 Rc8 25. f6 Bh8 26. Nd5 Bxd5 27. Qxb4 Bxf3
28. gxf3 Bxf6 29. Rd7 Bxb2 30. Qe7 Kg7 31. Bxf7 Bf6 32. Qe6 Rc5 33. Bg8+ 1-0

[Event "London Classic Open 2017"]
[Site "London ENG"]
[Date "2017.12.07"]
[Round "7.52"]
[White "Pedersen, Carsten"]
[Black "Megalios, Konstantinos"]
[Result "1/2-1/2"]
[WhiteElo "2144"]
[BlackElo "2203"]
[WhiteFideId "1409760"]
[BlackFideId "4238044"]
[EventDate "2017.12.02"]

1. e4 e5 2. Nc3 Nf6 3. Bc4 Nxe4 4. Qh5 Nd6 5. Qxe5+ Qe7 6. Qxe7+ Bxe7 7. Bb3 Nf5
8. Nf3 c6 9. O-O d5 10. Re1 Na6 11. d4 Nc7 12. Nd1 f6 13. c3 Kf7 14. h3 h5 15.
Bf4 Nb5 16. Ne3 g5 17. Bh2 Nbd6 18. Nd2 Be6 19. Bc2 Bd7 20. Ndf1 Nh4 21. Bg3
Ndf5 22. Nxf5 Nxf5 23. Bh2 g4 24. Bxf5 Bxf5 25. h4 Be4 26. Bf4 f5 27. g3 a5 28.
Nd2 a4 29. b4 Rac8 30. f3 gxf3 31. Kf2 b6 32. Nxf3 c5 33. Ne5+ Ke6 34. bxc5 bxc5
35. Ng6 Rhg8 36. Nxe7 Kxe7 37. Rab1 cxd4 38. Rb7+ Ke6 39. cxd4 Rc2+ 40. Re2 Rgc8
41. Rb2 R2c3 42. Rb6+ R8c6 43. Rxc6+ Rxc6 44. a3 Rc4 45. Be5 Rc3 46. Re3 Rc1 47.
Re1 Rc3 48. Re3 Rc6 49. Ke1 Kd7 50. Kd2 1/2-1/2

[Event "London Classic Open 2017"]
[Site "London ENG"]
[Date "2017.12.07"]
[Round "7.53"]
[White "Luncasu, Raul-Ionut"]
[Black "Kim, Jinsoo"]
[Result "1/2-1/2"]
[WhiteElo "2191"]
[BlackElo "1986"]
[WhiteFideId "1206222"]
[BlackFideId "13202405"]
[EventDate "2017.12.02"]

1. e4 c5 2. Nf3 d6 3. d4 cxd4 4. Nxd4 Nf6 5. Nc3 a6 6. g3 g6 7. Bg2 Bg7 8. O-O
O-O 9. a4 Nc6 10. Nb3 Rb8 11. a5 Bg4 12. f3 Be6 13. Nd5 Bxd5 14. exd5 Ne5 15. f4
Nc4 16. Qd3 Qc7 17. Ra4 Rfc8 18. Kh1 b5 19. axb6 Nxb6 20. Rxa6 Qxc2 21. Qxc2
Rxc2 22. Nd4 Rc7 23. Nc6 Rbb7 24. Rd1 Nc4 25. b4 Ng4 26. Ra8+ Bf8 27. Rd4 Nce3
28. h3 Nf5 29. Rc4 Nxg3+ 30. Kg1 Nf6 31. Bb2 Kg7 1/2-1/2

[Event "London Classic Open 2017"]
[Site "London ENG"]
[Date "2017.12.07"]
[Round "7.55"]
[White "Ifalore, Michael"]
[Black "Sumit, Kumar"]
[Result "0-1"]
[WhiteElo "1962"]
[BlackElo "2176"]
[WhiteFideId "436356"]
[BlackFideId "5054010"]
[EventDate "2017.12.02"]

1. d4 d5 2. Bf4 Nf6 3. e3 c5 4. c3 Nc6 5. Nd2 cxd4 6. exd4 Bf5 7. Ngf3 e6 8. Bb5
a6 9. Ba4 b5 10. Bc2 Bxc2 11. Qxc2 Be7 12. O-O O-O 13. h3 Rc8 14. Ne5 Nxd4 15.
Qd3 Nc6 16. a4 Nxe5 17. Bxe5 Nd7 18. Bd4 e5 19. Be3 d4 20. cxd4 Nc5 21. Qe2 exd4
22. Bf4 Nxa4 23. b3 Nc3 24. Qd3 Bd6 25. Bxd6 Qxd6 26. Ne4 Qg6 27. Rfe1 Rfd8 28.
Qf3 h6 29. Ng3 Nd5 30. Nf5 Kh7 31. Nxd4 Rc3 32. Qf5 Qxf5 33. Nxf5 Nb4 34. Re7
Rxb3 35. Rae1 Rf8 36. Nd6 Rb2 37. Nxf7 Kg8 38. Ne5 Rfxf2 39. Rc1 Rxg2+ 40. Kh1
Rh2+ 41. Kg1 Rbg2+ 42. Kf1 Rh1+ 43. Kxg2 Rxc1 44. Kf3 Re1 45. Kg4 Nd3 46. Re8+
Kh7 0-1

[Event "London Classic Open 2017"]
[Site "London ENG"]
[Date "2017.12.07"]
[Round "7.56"]
[White "Bates, Caspar J"]
[Black "Hebden, Mark L"]
[Result "0-1"]
[BlackTitle "GM"]
[WhiteElo "2112"]
[BlackElo "2445"]
[WhiteFideId "414760"]
[BlackFideId "400084"]
[EventDate "2017.12.02"]

1. d4 Nf6 2. c4 g6 3. f3 Bg7 4. e4 d6 5. Nc3 O-O 6. Bg5 a6 7. Qd2 c6 8. Nh3 Bxh3
9. gxh3 Nbd7 10. h4 b5 11. Rg1 b4 12. Nd1 Qa5 13. Nf2 e5 14. d5 cxd5 15. cxd5
Nc5 16. Bc4 Qb6 17. Kf1 Nh5 18. Kg2 f5 19. Kh1 fxe4 20. fxe4 Rf3 21. Be3 Raf8
22. Raf1 Qd8 23. Be2 Rxf2 24. Rxf2 Rxf2 25. Bxf2 Nxe4 26. Qe3 Nxf2+ 27. Qxf2 Nf4
28. Bxa6 Nh3 29. Qe3 Nxg1 30. Kxg1 Qxh4 31. Bc8 Bf6 32. Be6+ Kg7 33. a4 Bg5 34.
Qf2 Qe4 35. Kf1 Be3 36. Qf7+ Kh6 37. h3 Qd3+ 38. Kg2 Qe2+ 39. Kh1 Bf2 40. Qf8+
Kg5 41. Kg2 Be3+ 0-1

[Event "London Classic Open 2017"]
[Site "London ENG"]
[Date "2017.12.07"]
[Round "7.57"]
[White "Maroroa, Sue"]
[Black "Derakhshani, Borna"]
[Result "0-1"]
[WhiteTitle "WIM"]
[BlackTitle "FM"]
[WhiteElo "2111"]
[BlackElo "2298"]
[WhiteFideId "4301498"]
[BlackFideId "12518450"]
[EventDate "2017.12.02"]

1. e4 c6 2. d4 d5 3. e5 Bf5 4. h4 h5 5. Bd3 Bxd3 6. Qxd3 Qa5+ 7. Nc3 e6 8. Nh3
Ne7 9. Bd2 Qa6 10. Qxa6 Nxa6 11. Ne2 Nf5 12. Ng5 Rc8 13. a3 c5 14. c3 Nb8 15.
Nf3 Nd7 16. Ng3 Ne7 17. O-O c4 18. Rfe1 Nc6 19. Nf1 b5 20. Rab1 Nb6 21. Re3 Be7
22. Ng5 Bxg5 23. hxg5 g6 24. Rh3 Ke7 25. Ne3 a5 26. Kf1 Rb8 27. Ke2 b4 28. Nc2
bxa3 29. Nxa3 Na4 30. Bc1 Rb3 31. Kd1 Rhb8 32. Kc2 Kd7 33. f3 R3b7 34. Rh2 Nb4+
35. cxb4 axb4 36. Nxc4 b3+ 37. Kd1 dxc4 38. Bd2 Kc6 39. g4 hxg4 40. fxg4 Kd5 41.
Bc3 Nxc3+ 42. bxc3 Ra7 43. Rh7 Ra2 44. Ke1 Rba8 45. Kd1 Rf2 0-1